[Event "15th International Khazar Cup (Masters) 2017"]
[Site "Rasht,Guilan,Iran"]
[Date "2017.01.23"]
[Round "5"]
[Board "8"]
[White "Tabatabaei, M.Amin"]
[Black "Noroozi, Omid"]
[Result "1-0"]
[WhiteElo "2493"]
[BlackElo "2336"]
[PlyCount "0"]
[EventDate "2017.01.20"]
[EventRounds "9"]
[EventCountry "IRI"]

1. e4 {[%clk 1:22:39]} Nf6 {[%clk 1:29:37]} 2. e5 {[%clk 1:18:52]} Nd5
{[%clk 1:30:02]} 3. c4 {[%clk 1:18:57]} Nb6 {[%clk 1:30:28]} 4. c5
{[%clk 1:19:20]} Nd5 {[%clk 1:30:57]} 5. Nc3 {[%clk 1:19:40]} e6 {[%clk 1:31:09]}
6. d4 {[%clk 1:14:50]} b6 {[%clk 1:31:06]} 7. cxb6 {[%clk 1:14:05]} axb6
{[%clk 1:31:34]} 8. Nxd5 {[%clk 1:12:45]} exd5 {[%clk 1:32:03]} 9. Nf3
{[%clk 1:13:04]} Be7 {[%clk 1:32:28]} 10. Bd3 {[%clk 1:13:19]} Ba6
{[%clk 1:32:49]} 11. O-O {[%clk 1:09:36]} O-O {[%clk 1:15:14]} 12. Re1
{[%clk 1:09:24]} Bxd3 {[%clk 1:14:54]} 13. Qxd3 {[%clk 1:09:46]} c6
{[%clk 1:04:20]} 14. h4 {[%clk 1:07:21]} Bxh4 {[%clk 0:41:14]} 15. g3
{[%clk 1:06:34]} Be7 {[%clk 0:41:31]} 16. Kg2 {[%clk 1:06:55]} f5
{[%clk 0:37:54]} 17. exf6 {[%clk 1:05:38]} Bxf6 {[%clk 0:37:58]} 18. Rh1
{[%clk 1:05:01]} g6 {[%clk 0:38:26]} 19. Bf4 {[%clk 1:02:22]} Rf7
{[%clk 0:21:13]} 20. Nh2 {[%clk 0:44:40]} Bg5 {[%clk 0:15:18]} 21. Ng4
{[%clk 0:44:35]} Bxf4 {[%clk 0:14:51]} 22. gxf4 {[%clk 0:44:25]} Rxf4
{[%clk 0:13:31]} 23. Qg3 {[%clk 0:44:14]} Qf8 {[%clk 0:06:01]} 24. Rh4
{[%clk 0:43:25]} Re4 {[%clk 0:04:25]} 25. Rah1 {[%clk 0:40:04]} Re7
{[%clk 0:03:44]} 26. Ne5 {[%clk 0:30:45]} Qf6 {[%clk 0:03:34]} 27. Rf4
{[%clk 0:30:42]} Qg7 {[%clk 0:04:03]} 28. Ng4 {[%clk 0:30:31]} g5
{[%clk 0:01:32]} 29. Nf6+ {[%clk 0:27:54]} Kh8 {[%clk 0:01:46]} 30. Nxh7
{[%clk 0:27:52]} 1-0

[Event "15th International Khazar Cup (Masters) 2017"]
[Site "Rasht,Guilan,Iran"]
[Date "2017.01.23"]
[Round "5"]
[Board "9"]
[White "Alavi, Sayed Javad"]
[Black "Khademi, Mohammad Miran"]
[Result "1-0"]
[WhiteElo "2453"]
[BlackElo "2315"]
[PlyCount "0"]
[EventDate "2017.01.20"]
[EventRounds "9"]
[EventCountry "IRI"]

1. d4 {[%clk 1:30:58]} d5 {[%clk 1:27:01]} 2. c4 {[%clk 1:30:45]} c6
{[%clk 1:27:20]} 3. Nf3 {[%clk 1:30:29]} Nf6 {[%clk 1:27:08]} 4. Qc2
{[%clk 1:30:46]} g6 {[%clk 1:27:19]} 5. Bf4 {[%clk 1:31:07]} Bg7 {[%clk 1:27:13]}
6. e3 {[%clk 1:30:48]} Nbd7 {[%clk 1:19:23]} 7. Nc3 {[%clk 1:30:04]} Nb6
{[%clk 1:17:10]} 8. c5 {[%clk 1:20:27]} Nbd7 {[%clk 1:12:19]} 9. h3
{[%clk 1:16:28]} O-O {[%clk 1:09:28]} 10. Be2 {[%clk 1:15:45]} b6
{[%clk 1:09:42]} 11. b4 {[%clk 1:15:31]} bxc5 {[%clk 1:10:01]} 12. bxc5
{[%clk 1:15:59]} Qa5 {[%clk 1:10:17]} 13. O-O {[%clk 1:11:35]} Nh5
{[%clk 0:59:49]} 14. Bh2 {[%clk 1:11:43]} Nxc5 {[%clk 0:53:52]} 15. g4
{[%clk 1:08:28]} Ne4 {[%clk 0:54:06]} 16. Nxe4 {[%clk 1:06:01]} dxe4
{[%clk 0:54:28]} 17. Qxe4 {[%clk 1:06:27]} Nf6 {[%clk 0:54:49]} 18. Qxe7
{[%clk 1:05:13]} Be6 {[%clk 0:51:23]} 19. Qc7 {[%clk 0:53:39]} Qa4
{[%clk 0:51:28]} 20. Rfc1 {[%clk 0:50:17]} Rac8 {[%clk 0:51:33]} 21. Qb7
{[%clk 0:50:11]} Bd5 {[%clk 0:50:19]} 22. Ne5 {[%clk 0:48:34]} Ne4
{[%clk 0:47:27]} 23. Qa6 {[%clk 0:41:05]} Qb4 {[%clk 0:44:25]} 24. Bf3
{[%clk 0:30:34]} Qd2 {[%clk 0:39:44]} 25. Qe2 {[%clk 0:30:03]} Bxe5
{[%clk 0:40:05]} 26. Bxe5 {[%clk 0:20:05]} Ng5 {[%clk 0:39:20]} 27. Rd1
{[%clk 0:20:11]} Qxe2 {[%clk 0:35:49]} 28. Bxe2 {[%clk 0:20:40]} Nxh3+
{[%clk 0:36:01]} 29. Kf1 {[%clk 0:21:09]} f5 {[%clk 0:35:45]} 30. gxf5
{[%clk 0:20:31]} Rxf5 {[%clk 0:36:06]} 31. f4 {[%clk 0:20:31]} Rcf8
{[%clk 0:29:17]} 32. Bg4 {[%clk 0:17:28]} Rg5 {[%clk 0:27:25]} 33. Bxh3
{[%clk 0:16:46]} Rg3 {[%clk 0:27:49]} 34. Bd7 {[%clk 0:16:50]} Rd8
{[%clk 0:28:14]} 35. e4 {[%clk 0:16:56]} 1-0

[Event "15th International Khazar Cup (Masters) 2017"]
[Site "Rasht,Guilan,Iran"]
[Date "2017.01.23"]
[Round "5"]
[Board "10"]
[White "Sedaghati, Mehrdad"]
[Black "Sammalvuo, Tapani"]
[Result "1/2-1/2"]
[WhiteElo "2315"]
[BlackElo "2437"]
[PlyCount "0"]
[EventDate "2017.01.20"]
[EventRounds "9"]
[EventCountry "IRI"]

1. e4 {[%clk 1:24:34]} e5 {[%clk 1:30:55]} 2. Nf3 {[%clk 1:25:00]} Nc6
{[%clk 1:31:19]} 3. Bb5 {[%clk 1:25:22]} a6 {[%clk 1:31:45]} 4. Ba4
{[%clk 1:25:50]} Nf6 {[%clk 1:32:09]} 5. O-O {[%clk 1:26:16]} Be7
{[%clk 1:32:34]} 6. Re1 {[%clk 1:26:43]} b5 {[%clk 1:32:58]} 7. Bb3
{[%clk 1:27:10]} d6 {[%clk 1:33:24]} 8. c3 {[%clk 1:27:35]} O-O {[%clk 1:33:47]}
9. h3 {[%clk 1:27:47]} Nb8 {[%clk 1:34:14]} 10. d4 {[%clk 1:28:05]} Nbd7
{[%clk 1:34:42]} 11. Nbd2 {[%clk 1:28:26]} Bb7 {[%clk 1:35:09]} 12. Bc2
{[%clk 1:28:16]} Re8 {[%clk 1:35:35]} 13. Nf1 {[%clk 1:28:22]} Bf8
{[%clk 1:36:03]} 14. Ng3 {[%clk 1:28:42]} g6 {[%clk 1:36:31]} 15. a4
{[%clk 1:28:31]} c5 {[%clk 1:36:54]} 16. d5 {[%clk 1:28:12]} c4 {[%clk 1:37:21]}
17. Bg5 {[%clk 1:27:42]} h6 {[%clk 1:36:44]} 18. Be3 {[%clk 1:27:57]} Nc5
{[%clk 1:37:11]} 19. Qd2 {[%clk 1:27:03]} h5 {[%clk 1:37:38]} 20. Bg5
{[%clk 1:25:45]} Be7 {[%clk 1:37:46]} 21. Qe3 {[%clk 1:14:13]} Nh7
{[%clk 1:26:11]} 22. Bxe7 {[%clk 1:06:27]} Qxe7 {[%clk 1:13:59]} 23. Ra2
{[%clk 1:06:36]} Nf6 {[%clk 1:09:13]} 24. Rea1 {[%clk 0:58:58]} Nfd7
{[%clk 0:47:15]} 25. Nd2 {[%clk 0:47:02]} Reb8 {[%clk 0:40:23]} 26. Qe2
{[%clk 0:38:35]} Nb6 {[%clk 0:39:36]} 27. a5 {[%clk 0:37:18]} Nbd7
{[%clk 0:39:39]} 28. Ngf1 {[%clk 0:37:04]} Rf8 {[%clk 0:39:20]} 29. Ne3
{[%clk 0:37:21]} Qg5 {[%clk 0:39:24]} 30. g3 {[%clk 0:34:51]} Nf6
{[%clk 0:36:43]} 31. h4 {[%clk 0:32:34]} Qh6 {[%clk 0:37:12]} 32. Rf1
{[%clk 0:33:00]} Bc8 {[%clk 0:37:02]} 33. f3 {[%clk 0:29:15]} Ra7
{[%clk 0:35:21]} 34. Raa1 {[%clk 0:29:14]} Re7 {[%clk 0:35:29]} 35. Rae1
{[%clk 0:28:30]} Qg7 {[%clk 0:32:58]} 36. Qg2 {[%clk 0:28:45]} Rfe8
{[%clk 0:29:49]} 37. b4 {[%clk 0:20:49]} cxb3 {[%clk 0:29:36]} 38. Nxb3
{[%clk 0:21:13]} Rc7 {[%clk 0:24:17]} 39. c4 {[%clk 0:17:50]} bxc4
{[%clk 0:21:55]} 40. Nd2 {[%clk 0:17:36]} c3 {[%clk 0:21:20]} 41. Ndc4
{[%clk 0:17:59]} Nb7 {[%clk 0:19:23]} 42. Ba4 {[%clk 0:16:44]} Bd7
{[%clk 0:19:38]} 43. Bxd7 {[%clk 0:16:49]} Nxd7 {[%clk 0:20:05]} 44. Rb1
{[%clk 0:16:11]} Rec8 {[%clk 0:20:06]} 45. Qe2 {[%clk 0:15:00]} Ndc5
{[%clk 0:13:52]} 46. Rb6 {[%clk 0:13:41]} Qf6 {[%clk 0:12:47]} 47. Kg2
{[%clk 0:09:41]} Qe7 {[%clk 0:09:51]} 48. Qc2 {[%clk 0:08:38]} Qd7
{[%clk 0:09:56]} 49. Ra1 {[%clk 0:08:59]} Rd8 {[%clk 0:08:32]} 50. Ra3
{[%clk 0:09:04]} Qe8 {[%clk 0:08:06]} 51. Rb4 {[%clk 0:08:56]} Qd7
{[%clk 0:07:44]} 52. Rxc3 {[%clk 0:09:04]} Rf8 {[%clk 0:07:37]} 53. Nb6
{[%clk 0:05:20]} Qd8 {[%clk 0:07:53]} 54. Na4 {[%clk 0:05:22]} Qe7
{[%clk 0:06:31]} 55. Nxc5 {[%clk 0:05:35]} Nxc5 {[%clk 0:06:12]} 56. Rb6
{[%clk 0:05:52]} Qd7 {[%clk 0:05:47]} 57. Nc4 {[%clk 0:02:47]} Na4
{[%clk 0:05:43]} 58. Rxd6 {[%clk 0:02:35]} Qb5 {[%clk 0:06:04]} 59. Rb6
{[%clk 0:02:26]} Nxb6 {[%clk 0:06:08]} 60. axb6 {[%clk 0:02:37]} Rc5
{[%clk 0:06:04]} 61. Nxe5 {[%clk 0:02:27]} Rxc3 {[%clk 0:04:54]} 62. Qxc3
{[%clk 0:02:56]} a5 {[%clk 0:04:46]} 63. g4 {[%clk 0:03:07]} a4 {[%clk 0:04:23]}
64. gxh5 {[%clk 0:03:05]} gxh5 {[%clk 0:04:14]} 65. Kh3 {[%clk 0:00:44]} Qb3
{[%clk 0:01:56]} 66. Qc1 {[%clk 0:00:58]} Qxb6 {[%clk 0:00:50]} 67. Qg5+
{[%clk 0:00:54]} Kh8 {[%clk 0:00:58]} 68. Qxh5+ {[%clk 0:01:05]} Kg7
{[%clk 0:01:25]} 69. Qg5+ {[%clk 0:01:19]} Kh8 {[%clk 0:01:50]} 70. Nc6
{[%clk 0:00:34]} Kh7 {[%clk 0:01:42]} 71. Qf5+ {[%clk 0:00:43]} Kg7
{[%clk 0:02:07]} 72. e5 {[%clk 0:00:43]} Qg1 {[%clk 0:02:10]} 73. Qf6+
{[%clk 0:00:41]} Kh7 {[%clk 0:02:39]} 74. Ne7 {[%clk 0:00:44]} Qb1
{[%clk 0:01:56]} 75. Kg4 {[%clk 0:00:39]} a3 {[%clk 0:01:56]} 76. Kh5
{[%clk 0:00:46]} Qc1 {[%clk 0:01:47]} 77. Nf5 {[%clk 0:00:44]} Rg8
{[%clk 0:02:11]} 78. Qxf7+ {[%clk 0:00:58]} Kh8 {[%clk 0:02:40]} 79. Nh6
{[

[Event "15th International Khazar Cup (Masters) 2017"]
[Site "Rasht,Guilan,Iran"]
[Date "2017.01.23"]
[Round "5"]
[Board "11"]
[White "Gholami, Aryan"]
[Black "Rastbod, Ali"]
[Result "1-0"]
[WhiteElo "2426"]
[BlackElo "2262"]
[PlyCount "0"]
[EventDate "2017.01.20"]
[EventRounds "9"]
[EventCountry "IRI"]

1. e4 {[%clk 1:30:56]} e6 {[%clk 1:29:25]} 2. d4 {[%clk 1:31:03]} d5
{[%clk 1:29:52]} 3. Nd2 {[%clk 1:31:27]} Be7 {[%clk 1:30:17]} 4. Ngf3
{[%clk 1:29:07]} Nf6 {[%clk 1:30:05]} 5. Bd3 {[%clk 1:27:59]} c5 {[%clk 1:30:29]}
6. c3 {[%clk 1:28:23]} Nc6 {[%clk 1:30:32]} 7. O-O {[%clk 1:27:17]} O-O
{[%clk 1:28:48]} 8. dxc5 {[%clk 1:20:59]} a5 {[%clk 1:26:05]} 9. exd5
{[%clk 1:17:13]} exd5 {[%clk 1:20:55]} 10. Nb3 {[%clk 1:14:48]} Ne4
{[%clk 1:10:55]} 11. Qc2 {[%clk 1:09:36]} a4 {[%clk 1:01:38]} 12. Nbd4
{[%clk 1:08:38]} Bxc5 {[%clk 0:59:21]} 13. Bxe4 {[%clk 1:04:21]} dxe4
{[%clk 0:59:47]} 14. Qxe4 {[%clk 1:04:11]} Bxd4 {[%clk 1:00:11]} 15. cxd4
{[%clk 0:59:10]} Re8 {[%clk 1:00:35]} 16. Qf4 {[%clk 0:57:17]} Qd5
{[%clk 0:56:07]} 17. Be3 {[%clk 0:56:48]} Nb4 {[%clk 0:45:09]} 18. Qg3
{[%clk 0:38:20]} Ra6 {[%clk 0:44:02]} 19. Ne5 {[%clk 0:33:13]} Nxa2
{[%clk 0:28:30]} 20. Nd3 {[%clk 0:31:30]} Bf5 {[%clk 0:28:52]} 21. Nf4
{[%clk 0:31:38]} Qb3 {[%clk 0:28:10]} 22. d5 {[%clk 0:27:15]} Nb4
{[%clk 0:18:48]} 23. Rad1 {[%clk 0:26:25]} Bd7 {[%clk 0:11:20]} 24. d6
{[%clk 0:22:15]} Ra5 {[%clk 0:10:14]} 25. Bd2 {[%clk 0:14:27]} Qxg3
{[%clk 0:09:34]} 26. hxg3 {[%clk 0:14:29]} Rb5 {[%clk 0:09:52]} 27. Bc3
{[%clk 0:10:56]} Kf8 {[%clk 0:08:48]} 28. f3 {[%clk 0:10:28]} Na2
{[%clk 0:08:41]} 29. Bd4 {[%clk 0:10:38]} Nb4 {[%clk 0:08:07]} 30. Rd2
{[%clk 0:09:33]} f6 {[%clk 0:07:27]} 31. Rc1 {[%clk 0:09:18]} Nc6
{[%clk 0:07:23]} 32. Bc3 Rb3 {[%clk 0:05:05]} 33. Nd5 {[%clk 0:08:11]} Rd8
{[%clk 0:04:54]} 34. g4 {[%clk 0:07:21]} Kf7 {[%clk 0:04:48]} 35. Re1
{[%clk 0:06:02]} Bc8 {[%clk 0:03:58]} 36. Ne7 {[%clk 0:05:05]} Be6
{[%clk 0:04:22]} 37. Nxc6 {[%clk 0:04:36]} bxc6 {[%clk 0:04:51]} 38. Ba5
{[%clk 0:04:47]} Rd7 {[%clk 0:05:03]} 39. Bc7 {[%clk 0:05:03]} Bc4
{[%clk 0:02:45]} 40. Rd4 {[%clk 0:01:51]} Bd5 {[%clk 0:02:06]} 41. Rxa4
{[%clk 0:01:32]} Rxb2 {[%clk 0:02:35]} 42. Ra8 {[%clk 0:01:22]} Be6
{[%clk 0:02:01]} 43. Ra3 {[%clk 0:01:17]} Rb3 {[%clk 0:01:55]} 44. Ra4
{[%clk 0:00:54]} Bd5 {[%clk 0:02:15]} 45. Ra8 {[%clk 0:00:49]} Be6
{[%clk 0:02:09]} 46. Ra5 {[%clk 0:00:47]} Rd3 {[%clk 0:02:21]} 47. Re2
{[%clk 0:00:45]} Bc4 {[%clk 0:02:43]} 48. Re1 {[%clk 0:00:54]} Bb5
{[%clk 0:03:08]} 49. Ra8 {[%clk 0:00:57]} c5 {[%clk 0:03:25]} 50. Rb8
{[%clk 0:00:41]} Ba4 {[%clk 0:03:44]} 51. Rc1 {[%clk 0:00:56]} Rd5
{[%clk 0:03:02]} 52. Ra8 {[%clk 0:01:15]} Bc6 {[%clk 0:02:37]} 53. Ra6
{[%clk 0:01:43]} Bb5 {[%clk 0:02:55]} 54. Ra5 {[%clk 0:01:54]} c4
{[%clk 0:03:21]} 55. Rb1 {[%clk 0:02:17]} Bc6 {[%clk 0:03:44]} 56. Rxd5
{[%clk 0:02:43]} Bxd5 {[%clk 0:04:13]} 57. Kf2 {[%clk 0:03:12]} Be6
{[%clk 0:02:40]} 58. Ke3 {[%clk 0:03:33]} Kg6 {[%clk 0:02:49]} 59. Kd4
{[%clk 0:03:48]} h6 {[%clk 0:01:20]} 60. Re1 {[%clk 0:03:47]} Kf7
{[%clk 0:01:16]} 61. Re3 {[%clk 0:03:04]} g6 {[%clk 0:01:15]} 62. g3
{[%clk 0:02:59]} f5 {[%clk 0:01:28]} 63. gxf5 {[%clk 0:02:57]} Bxf5
{[%clk 0:01:57]} 64. Kxc4 {[%clk 0:02:36]} h5 {[%clk 0:02:21]} 65. Kd5
{[%clk 0:02:43]} Kf6 {[%clk 0:02:22]} 66. Re8 {[%clk 0:02:22]} Rf7
{[%clk 0:01:58]} 67. Bb6 {[%clk 0:01:08]} Bd7 {[%clk 0:01:52]} 68. Bd4+
{[%clk 0:01:21]} Kg5 {[%clk 0:02:20]} 69. Re5+ {[%clk 0:01:09]} Rf5
{[%clk 0:02:36]} 70. f4+ {[%clk 0:01:07]} Kg4 {[%clk 0:01:28]} 71. Bf2
{[%clk 0:01:26]} h4 {[%clk 0:01:54]} 72. gxh4 {[%clk 0:00:46]} Kxf4
{[%clk 0:02:23]} 73. Be3+ {[%clk 0:01:02]} Kg4 {[%clk 0:02:20]} 74. Bg5
{[%clk 0:01:26]} Rf1 {[%clk 0:01:06]} 75. Re4+ {[%clk 0:01:15]} Kf5
{[%clk 0:01:13]} 76. Re5+ {[%clk 0:01:43]} Kg4 {[%clk 0:01:41]} 77. Re7
{[%clk 0:01:57]} Rd1+ {[%clk 0:02:07]} 78. Ke5 {[%clk 0:02:03]} Bf5
{[%clk 0:02:23]} 79. Ra7 {[%clk 0:01:56]} Re1+ {[%clk 0:02:

[Event "15th International Khazar Cup (Masters) 2017"]
[Site "Rasht,Guilan,Iran"]
[Date "2017.01.23"]
[Round "5"]
[Board "12"]
[White "Omidi, Arya"]
[Black "Asgarizadeh, Ahmad"]
[Result "0-1"]
[WhiteElo "2313"]
[BlackElo "2421"]
[PlyCount "0"]
[EventDate "2017.01.20"]
[EventRounds "9"]
[EventCountry "IRI"]

1. e4 {[%clk 1:30:56]} g6 {[%clk 1:29:32]} 2. d4 {[%clk 1:31:24]} d6
{[%clk 1:29:58]} 3. Nc3 {[%clk 1:31:41]} Bg7 {[%clk 1:30:23]} 4. Be3
{[%clk 1:31:56]} c6 {[%clk 1:30:26]} 5. Qd2 {[%clk 1:31:55]} b5 {[%clk 1:29:43]}
6. f3 {[%clk 1:31:44]} Nf6 {[%clk 1:29:45]} 7. h4 {[%clk 1:31:36]} h5
{[%clk 1:30:09]} 8. Nh3 {[%clk 1:31:58]} Bxh3 {[%clk 1:29:16]} 9. Rxh3
{[%clk 1:32:17]} Qc7 {[%clk 1:28:21]} 10. a4 {[%clk 1:19:46]} b4 {[%clk 1:27:01]}
11. Nd1 {[%clk 1:19:42]} a5 {[%clk 1:26:55]} 12. Nf2 {[%clk 1:19:32]} Nbd7
{[%clk 1:26:53]} 13. Be2 {[%clk 1:15:38]} c5 {[%clk 1:22:57]} 14. dxc5
{[%clk 1:07:38]} Nxc5 {[%clk 1:17:50]} 15. Bb5+ {[%clk 1:06:11]} Ncd7
{[%clk 1:18:14]} 16. g4 {[%clk 0:55:22]} O-O {[%clk 1:12:58]} 17. g5
{[%clk 0:52:25]} Nh7 {[%clk 1:12:25]} 18. Bd4 {[%clk 0:51:08]} Bxd4
{[%clk 1:09:13]} 19. Qxd4 {[%clk 0:51:35]} Rfc8 {[%clk 1:09:32]} 20. f4
{[%clk 0:43:32]} Nhf8 {[%clk 1:06:19]} 21. c4 {[%clk 0:42:45]} e5
{[%clk 1:05:04]} 22. Qd2 {[%clk 0:41:39]} exf4 {[%clk 1:04:06]} 23. Bxd7
{[%clk 0:41:38]} Qxd7 {[%clk 0:49:16]} 24. b3 {[%clk 0:42:02]} Ne6
{[%clk 0:49:40]} 25. O-O-O {[%clk 0:42:10]} Nc5 {[%clk 0:44:03]} 26. Qxf4
{[%clk 0:40:20]} Nxb3+ {[%clk 0:43:12]} 27. Rxb3 {[%clk 0:40:19]} Qxa4
{[%clk 0:42:56]} 28. Rf3 {[%clk 0:35:36]} Ra7 {[%clk 0:41:26]} 29. Kd2
{[%clk 0:33:04]} b3 {[%clk 0:39:29]} 30. Qe3 {[%clk 0:27:48]} Rb7
{[%clk 0:38:49]} 31. Qd3 {[%clk 0:24:54]} b2 {[%clk 0:36:08]} 32. Qb1
{[%clk 0:23:29]} Rxc4 {[%clk 0:34:55]} 33. Rd3 {[%clk 0:23:49]} Qb4+
{[%clk 0:34:38]} 34. Ke2 {[%clk 0:24:08]} Qc5 {[%clk 0:34:52]} 35. Rd5
{[%clk 0:22:17]} Rc2+ {[%clk 0:35:09]} 36. R5d2 {[%clk 0:21:40]} Rc1
{[%clk 0:34:43]} 37. Nd3 {[%clk 0:21:11]} Rxb1 0-1

[Event "15th International Khazar Cup (Masters) 2017"]
[Site "Rasht,Guilan,Iran"]
[Date "2017.01.23"]
[Round "5"]
[Board "13"]
[White "Pourramezanali, Amirreza"]
[Black "Alinasab, Mobina"]
[Result "1-0"]
[WhiteElo "2496"]
[BlackElo "2220"]
[PlyCount "0"]
[EventDate "2017.01.20"]
[EventRounds "9"]
[EventCountry "IRI"]

1. e4 {[%clk 1:30:58]} e6 {[%clk 1:30:53]} 2. d4 {[%clk 1:31:23]} d5
{[%clk 1:31:20]} 3. Nd2 {[%clk 1:31:48]} Be7 {[%clk 1:31:45]} 4. e5
{[%clk 1:32:13]} c5 {[%clk 1:32:10]} 5. Qg4 {[%clk 1:32:39]} Kf8 {[%clk 1:32:33]}
6. Ndf3 {[%clk 1:33:04]} Nc6 {[%clk 1:31:30]} 7. Bd3 {[%clk 1:33:22]} cxd4
{[%clk 1:19:30]} 8. Ne2 {[%clk 1:30:46]} h5 {[%clk 1:19:25]} 9. Qf4
{[%clk 1:29:56]} g5 {[%clk 1:13:31]} 10. Nxg5 {[%clk 1:29:18]} Bxg5
{[%clk 1:13:31]} 11. Qxg5 {[%clk 1:29:42]} Qxg5 {[%clk 1:13:26]} 12. Bxg5
{[%clk 1:30:07]} Nxe5 {[%clk 1:13:13]} 13. Nxd4 {[%clk 1:29:50]} Nxd3+
{[%clk 1:12:59]} 14. cxd3 {[%clk 1:30:15]} f6 {[%clk 1:07:43]} 15. Bd2
{[%clk 1:29:20]} a6 {[%clk 0:56:36]} 16. Rc1 {[%clk 1:21:59]} e5 {[%clk 0:55:52]}
17. Nb3 {[%clk 1:20:54]} Rh7 {[%clk 0:56:15]} 18. f4 {[%clk 1:19:00]} Bf5
{[%clk 0:47:11]} 19. fxe5 {[%clk 1:18:23]} fxe5 {[%clk 0:47:03]} 20. O-O
{[%clk 1:11:38]} Rf7 {[%clk 0:46:56]} 21. Rfe1 {[%clk 1:07:35]} Re8
{[%clk 0:45:35]} 22. Bc3 {[%clk 1:05:21]} Bxd3 {[%clk 0:38:08]} 23. Rxe5
{[%clk 1:03:49]} Rxe5 {[%clk 0:28:13]} 24. Bxe5 {[%clk 1:04:17]} Nh6
{[%clk 0:26:22]} 25. h3 {[%clk 1:01:14]} Kg8 {[%clk 0:24:43]} 26. Rc8+
{[%clk 0:59:58]} Rf8 {[%clk 0:20:14]} 27. Rxf8+ {[%clk 0:59:17]} Kxf8
{[%clk 0:20:42]} 28. Nc5 {[%clk 0:59:41]} Bb1 {[%clk 0:21:01]} 29. a3
{[%clk 1:00:06]} Nf7 {[%clk 0:14:14]} 30. Bg3 {[%clk 0:52:00]} Ng5
{[%clk 0:08:44]} 31. Nxb7 {[%clk 0:51:35]} d4 {[%clk 0:09:04]} 32. Bf4
{[%clk 0:29:12]} Ne4 {[%clk 0:06:56]} 33. Kf1 {[%clk 0:28:35]} Bd3+
{[%clk 0:04:16]} 34. Ke1 {[%clk 0:28:57]} Bc4 {[%clk 0:04:21]} 35. Nc5
{[%clk 0:25:13]} Nxc5 {[%clk 0:02:37]} 36. Bd6+ {[%clk 0:25:32]} Ke8
{[%clk 0:03:01]} 37. Bxc5 {[%clk 0:25:58]} Bd5 {[%clk 0:03:28]} 38. g4
{[%clk 0:26:17]} hxg4 {[%clk 0:03:49]} 39. hxg4 {[%clk 0:26:45]} d3
{[%clk 0:04:18]} 40. Kd2 {[%clk 0:26:31]} Be4 {[%clk 0:04:41]} 41. Be3
{[%clk 0:26:42]} Kd7 {[%clk 0:03:36]} 42. Kc3 {[%clk 0:25:57]} Kc6
{[%clk 0:04:02]} 43. Kc4 {[%clk 0:25:44]} Bh7 {[%clk 0:04:19]} 44. g5
{[%clk 0:26:08]} Bg6 {[%clk 0:04:21]} 45. Kb4 {[%clk 0:25:21]} Bh7
{[%clk 0:04:10]} 46. Ka5 {[%clk 0:25:42]} Kb7 {[%clk 0:04:37]} 47. Kb4
{[%clk 0:23:46]} Kc6 {[%clk 0:05:00]} 48. Kc4 {[%clk 0:22:36]} Bg6
{[%clk 0:05:28]} 49. b4 {[%clk 0:22:42]} Bh7 {[%clk 0:03:00]} 50. a4
{[%clk 0:22:36]} Bg6 {[%clk 0:02:58]} 51. Kd4 {[%clk 0:21:43]} Kd6
{[%clk 0:01:56]} 52. Bf4+ {[%clk 0:21:58]} Ke6 {[%clk 0:01:28]} 53. Kc5
{[%clk 0:21:46]} Be8 {[%clk 0:01:21]} 54. b5 {[%clk 0:21:20]} axb5
{[%clk 0:01:36]} 55. axb5 {[%clk 0:20:41]} Bg6 {[%clk 0:00:36]} 56. Kc6
{[%clk 0:20:57]} Kf5 {[%clk 0:00:33]} 57. Bd2 {[%clk 0:21:24]} Ke6 58. Kc5 Be8
59. Kb6 Kd7 60. Bf4 Kc8 61. Ka6 1-0

[Event "15th International Khazar Cup (Masters) 2017"]
[Site "Rasht,Guilan,Iran"]
[Date "2017.01.23"]
[Round "5"]
[Board "14"]
[White "Korevand, Sina"]
[Black "Bajarani, Ulvi"]
[Result "0-1"]
[WhiteElo "2184"]
[BlackElo "2486"]
[PlyCount "0"]
[EventDate "2017.01.20"]
[EventRounds "9"]
[EventCountry "IRI"]

1. e4 {[%clk 1:29:57]} e6 {[%clk 1:30:56]} 2. b3 {[%clk 1:29:03]} d5
{[%clk 1:31:21]} 3. Bb2 {[%clk 1:29:18]} dxe4 {[%clk 1:31:45]} 4. Nc3
{[%clk 1:28:54]} Nf6 {[%clk 1:32:09]} 5. Qe2 {[%clk 1:27:25]} Be7
{[%clk 1:32:33]} 6. O-O-O {[%clk 1:26:36]} O-O {[%clk 1:32:54]} 7. g4
{[%clk 1:23:06]} Nc6 {[%clk 1:30:55]} 8. Nxe4 {[%clk 1:17:51]} a5
{[%clk 1:31:02]} 9. d4 {[%clk 1:03:03]} a4 {[%clk 1:30:41]} 10. Nxf6+
{[%clk 1:01:54]} Bxf6 {[%clk 1:29:39]} 11. Nf3 {[%clk 1:00:36]} axb3
{[%clk 1:21:00]} 12. axb3 {[%clk 1:00:53]} Nb4 {[%clk 1:19:05]} 13. Ne5
{[%clk 0:50:52]} Qd5 {[%clk 1:18:22]} 14. f4 {[%clk 0:39:59]} Bxe5
{[%clk 1:12:48]} 15. dxe5 {[%clk 0:36:52]} Qxh1 {[%clk 1:13:09]} 16. Bg2
{[%clk 0:35:10]} Qxh2 {[%clk 1:13:32]} 17. Qe4 {[%clk 0:35:35]} Nd5
{[%clk 1:13:19]} 18. Rf1 {[%clk 0:35:43]} Bd7 {[%clk 1:13:14]} 19. c4
{[%clk 0:36:03]} Bc6 0-1